Finance podnikatelské činnosti 1993 /

Guardado en:
Detalles Bibliográficos
Autor principal: Beneš, Milan (Autor)
Formato: Libro
Lenguaje:checo
Publicado: Praha : Linde, 1993
Edición:1.vyd.
Etiquetas: Agregar Etiqueta
Sin Etiquetas, Sea el primero en etiquetar este registro!

MARC

LEADER 00000nam a22000003a 4500
001 stu4604
005 20150617225814.2
008 930924s1993----xr------------------cze-d
020 |a 80-85647-12-5 
040 |a STU  |b slo 
041 0 |a cze 
044 |a xr 
080 |a 336.6 
080 |a 658.14/.17 
100 1 |a Beneš, Milan  |4 aut 
245 1 |a Finance podnikatelské činnosti 1993 /  |c Aut.: Beneš,Milan a kol 
250 |a 1.vyd. 
260 |a Praha :  |b Linde,  |c 1993 
300 |a 150 s 
996 |b E78296  |c R*78296  |l RRUM  |s A  |a 24  |w stu4604_0001